Statistiques concernant Personnages de La Belle et la Bête par images

Cliquez ici pour prendre le quiz!

Statistiques générales

  • Ce quiz a été pris 214 fois
  • Le résultat moyen est 7 sur 12

Statistiques - réponses

Réponse% Correct
Belle
100%
La Bête
99%
Gaston
94%
Lumière
89%
Big Ben
69%
Madame Samovar
64%
Le Fou
58%
Zip
55%
Maurice
50%
Philibert
45%
Angélique
8%
Forté
7%

Distribution des résultats

Percentile par nombre de réponses

% des personnes avec chaque résultat

Votre développement - résultats

Vous n’avez pas pris ce quiz